000 00332nam a2200133Ia 4500
008 100328s9999 xx 000 0 und d
082 _b45240
100 _aदिघे प्रभाकर
245 _aतिमिर
260 _bसुयोग
630 _aतिमिर
730 _aतिमिर
942 _cBOOK
999 _c533410
_d533407